Most populous islands in the Mediterranean - Statistics

General Stats
  • This quiz has been taken 108 times
    27 since last reset
  • The average score is 9 of 11
Answer Stats
Population Island % Correct
1.2m Cyprus
100%
5m Sicily
100%
340k Corsica
88%
950k Mallorca
88%
460k Malta
88%
1.6m Sardinia
88%
650k Crete
81%
165k Ibiza
75%
120k Rhodes
75%
108k Corfu
50%
200k Euboea
31%
No matching quizzes found
Score Distribution
Percent of People with Each Score
Percentile by Number Answered
Your Score History
You have not taken this quiz since the last reset